Statistiques concernant Les gens au pays - Quiz d'images #3

Cliquez ici pour prendre le quiz!

Statistiques générales

  • Ce quiz a été pris 81 fois
  • Le résultat moyen est 7 sur 16

Statistiques - réponses

Réponse% Correct
Allemagne
100%
États-Unis
100%
Chine
81%
Venezuela
74%
Italie
72%
Birmanie
58%
Irlande
50%
Japon
36%
Afrique du Sud
32%
Finlande
29%
Royaume-Uni
22%
Cuba
18%
Ukraine
18%
Danemark
13%
Pays-bas
13%
Nigeria
6%

Distribution des résultats

Percentile par nombre de réponses

% des personnes avec chaque résultat

Votre développement - résultats

Vous n’avez pas pris ce quiz